000
00327nam a22001337a 4500
008
210226b ||||| |||| 00| 0 eng d
020
_a
3086701289708
041
_a
eng
080
_a
338
100
_a
53
101
_a
MEN
245
_a
Strategic Management in Public and Nonprofit Organizations
_c
Koteen,J
942
_2
udc
_c
BK
999
_c
55262
_d
55262